000
00230nam a2200097Ia 4500
001
655161
005
20250826154531.0
008
250824s9999 xx 000 0 und d
245
0
_a
Sekiz Numaralı Vurucu
_c
Hakan Yel
260
_b
ALTIN
999
_c
655161
_d
655161